Paul: (Record no. 5156)

000 -LEADER
fixed length control field 00564nam a2200181 a 4500
001 - CONTROL NUMBER
control field :::00002897$&:&@@
003 - CONTROL NUMBER IDENTIFIER
control field OkBaRHE
005 - DATE AND TIME OF LATEST TRANSACTION
control field 20000607103258.0
008 - FIXED-LENGTH DATA ELEMENTS--GENERAL INFORMATION
fixed length control field s1911 j 000 0 eng u
040 ## - CATALOGING SOURCE
Transcribing agency
100 1# - MAIN ENTRY--PERSONAL NAME
Personal name Drummond, James, 1835-1918.
245 10 - TITLE STATEMENT
Title Paul:
Remainder of title his life and teaching.
260 ## - PUBLICATION, DISTRIBUTION, ETC. (IMPRINT)
Place of publication, distribution, etc London, UK:EN., ;
Name of publisher, distributor, etc The Sunday School Assocation
Date of publication, distribution, etc c1911
300 ## - PHYSICAL DESCRIPTION
Extent 193 p. ;
Dimensions 17 cm.
650 ## - SUBJECT ADDED ENTRY--TOPICAL TERM
Topical term or geographic name as entry element Paul, Saint, apostle
942 ## - ADDED ENTRY ELEMENTS (KOHA)
Source of classification or shelving scheme
Koha item type Books
Copies
Price effective from Date last seen Barcode Source of classification or shelving scheme Shelving location Koha item type Withdrawn status Damaged status Copy number Lost status Not for loan Date acquired Full call number Permanent Location
2010-04-142018-03-162897 General StacksBooks  1  2010-04-14BS 2505 .D7P3RHEMA Bible Training College